Le problème clef de la construction européenne : La Pologne sur l'Oder

保存先:
書誌詳細
第一著者: Zdziechowski, Jerzy
フォーマット: 図書
言語:Undetermined
出版事項: Paris A. Pedone 1965
主題:
タグ: タグ追加
タグなし, このレコードへの初めてのタグを付けませんか!
Thư viện lưu trữ: Trung tâm Học liệu Trường Đại học Cần Thơ
LEADER 00537nam a2200193Ia 4500
001 CTU_88287
008 210402s9999 xx 000 0 und d
082 |a 891.85 
082 |b Z39 
100 |a Zdziechowski, Jerzy 
245 0 |a Le problème clef de la construction européenne : 
245 0 |b La Pologne sur l'Oder 
245 0 |c Jerzy Zdziechowski 
260 |a Paris 
260 |b A. Pedone 
260 |c 1965 
650 |a Polish question 
904 |i Bằng,Hải 
980 |a Trung tâm Học liệu Trường Đại học Cần Thơ